| 000 | 00629nam a22002057a 4500 | ||
|---|---|---|---|
| 005 | 20170124105918.0 | ||
| 010 | _aB-099939 | ||
| 020 |
_a8175641029 _c150.00 |
||
| 035 | _aB-099939 | ||
| 037 | _bCen Lib/Ret | ||
| 040 |
_aDPL _bEN |
||
| 082 |
_a483 _bTHE |
||
| 245 |
_aThesaurus : _ba dictionary of modern words / _ccompiled by Sudesh Puri |
||
| 260 |
_aDelhi _bSahni Publications _c2006 |
||
| 270 |
_a4777, Dr. Mitra Gali, Roshanara Road _bDelhi _e110007 |
||
| 300 |
_a388p.: _c2cm(pbk) |
||
| 650 |
_aEnglish Dictionary _vThesaurus _9106810 |
||
| 700 |
_aPuri, Sudesh _9106811 |
||
| 942 |
_2ddc _cEN _h483 _mTHE |
||
| 999 |
_c122957 _d122957 |
||